00470nam a2200193Ia 4500008004100000041001200041082002000053100002100073245003000094260002900124300000800153365000700161520001200168546001200180630003000192650001200222655001200234730003000246101110s9999 xx 000 0 und d aMARATHI bJR6297a891.461 aPandit Ram (Ed.) aHa jalotsav Dipavali 2009 c2009bAnand Zerox, Thane a168 b70 aMarathi aMARATHI aHa jalotsav Dipavali 2009 aMarathi aMarathi aHa jalotsav Dipavali 2009